00664 2200193 4500001002100000005001500021035002000036245014100056100002600197250002000223300005500243856001500298700005500313260004500368082000900413084001500422020001800437600001500455INLIS00000000114755820260302011335 a0010-03260000691 aMENINGKATKAN KREATIVITAS DENGAN SENI MENGGAMBAR /cPenulis.; Umi Azzam Iraya Putra.; Layout.; Rizal.; Desain Cover.; Tim salim sanjaya.;0 aUmi Azzam Iraya Putra aCetakan pertama aiii 66 halaman :bIlustrasi ;c14 x 20 cmekertas a741. UMI m0 aayout.; Rizal.; Desain Cover.; Tim salim sanjaya.; aYogyakarta :bSalim Sanjaya Media,c2022 a741. a741. UMI m a9786238782574 4amenggambar